000 00656nam a2200145 a 4500
008 120416s1997 ||||||||||||||||| || u
050 _aTHESIS/STUDENT
100 _aMbazima, Zilekeni Dackwell
245 1 0 _aAssessment of the impact of street vending on retail shops in terms of profit, sales volume and growth
_cthesis supervised by Malanda, Peter
260 _aKitwe
_bCopperbelt University School of Business
_c1997
350 _a0.00
650 _aRETAIL TRADE--ZAMBIA--CASE STUDIES
650 0 _aBUSINESS
995 _D0.00
_FCBU-MAIN LIBRARY (Kitwe)
_H1
_I0.00
_M1
_UAVAILABLE
_ZUniversity Collection
999 _c35129
_d35129